La cooperación judicial entre España e Italia

Saved in:
Bibliographic Details
Main Author: Burgos Ladrón de Guevara, Juan (Author)
Format: Book
Language:Spanish
Published: San Sebastián Instituto Vasco de Derecho Procesal 2017
Subjects:
Tags: Add Tag
No Tags, Be the first to tag this record!

MARC

LEADER 00000cam a2200000 a 4500
001 UCC9345
003 CL-VaPUC
008 190927e20170000sp |||||||||||||||||spa|d
020 |a 9788494663604 
082 0 4 |a 341.77  |b BUR  |2 21 
100 0 |a Burgos Ladrón de Guevara, Juan  |e author  |9 604380 
245 1 3 |a La cooperación judicial entre España e Italia 
246 1 0 |a Judicial cooperation between Spain and Italy 
246 1 3 |a La Orden Europea de Detención y entrega en la ejecución de sentencias penales 
246 1 4 |a The European arrest warrant and obligation to execute of criminal sentences 
300 |a 202 p 
942 |c BK 
945 |d 20190927 15:31:00  |a cmena 
260 |a San Sebastián  |b Instituto Vasco de Derecho Procesal  |c 2017 
650 0 |a Derecho penal internacional  |9 371889 
650 7 |a DERECHO PROCESAL INTERNACIONAL  |2 CL-VaPUC  |9 459001 
650 0 |a Tratados internacionales   |9 256056 
650 7 |a PAISES DE LA UNION EUROPEA  |2 CL-VaPUC  |9 553442 
650 7 |a COOPERACION JUDICIAL  |2 CL-VaPUC  |9 522710 
583 |a last modification  |c 20190927 15:31:00  |k Rodrigo Vera 
999 |c 375531  |d 375529 
952 |0 0  |1 0  |3 erb  |4 0  |6 341_770000000000000_BUR_2017  |7 0  |8 WP_COW  |9 561398  |a BIBDER  |b BIBDER  |e Fundación W and P Cowley  |i 5599997  |o 341.77 BUR 2017  |p 5599997  |r 2023-01-25  |w 2020-03-12  |y BK  |z Catalogado en:20190927  |k WPC